LEADER 01160nam--2200373---450- 001 990005897160203316 005 20131014130332.0 035 $a000589716 035 $aUSA01000589716 035 $a(ALEPH)000589716USA01 035 $a000589716 100 $a20131014d1923----km-y0itay50------ba 101 0 $aita 102 $aIT 105 $a||||||||001yy 200 1 $aMemorie dell'imperatore Guglielmo 2.$escritte da lui stesso 210 $aMilano$cTreves$d1923 215 $a302 p.$d24 cm 225 2 $aMemorie e documenti 300 $aDati desunti dal catalogo BNCF 410 0$12001$aMemorie e documenti 600 0$aGuglielmo $xAutobiografie 676 $a943.08092 700 1$aGuglielmo $0617926 801 0$aIT$bsalbc$gISBD 912 $a990005897160203316 951 $aXV.2.B. 640$b5168 F.C.$cXV.2.B.$d00343494 959 $aBK 969 $aCUOMO 979 $aPALERMO$b90$c20131014$lUSA01$h1245 979 $aPALERMO$b90$c20131014$lUSA01$h1246 979 $aPALERMO$b90$c20131014$lUSA01$h1303 996 $aMemorie dell'imperatore Guglielmo 2$91075272 997 $aUNISA LEADER 02462oam 2200661 450 001 996210082803316 005 20230621140658.0 010 $a1-282-81962-3 010 $a9786612819629 010 $a1-897425-29-5 035 $a(CKB)2470000000001979 035 $a(EBL)624074 035 $a(OCoLC)607568600 035 $a(SSID)ssj0000422470 035 $a(PQKBManifestationID)11250213 035 $a(PQKBTitleCode)TC0000422470 035 $a(PQKBWorkID)10432556 035 $a(PQKB)10205611 035 $a(MiAaPQ)EBC624074 035 $a(CaPaEBR)425601 035 $a(CaBNvSL)slc00222362 035 $a(MiAaPQ)EBC3262319 035 $a(oapen)https://directory.doabooks.org/handle/20.500.12854/52614 035 $a(VaAlCD)20.500.12592/25xn0t 035 $a(EXLCZ)992470000000001979 100 $a20081209d2009 uy 0 101 0 $aeng 135 $aurun#---u|uuu 181 $ctxt$2rdacontent 182 $cc$2rdamedia 183 $acr$2rdacarrier 200 10$aMaking game $ean essay on hunting, familiar things, and the strangeness of being who one is /$fPeter L. Atkinson 210 $cAthabasca University Press$d2009 210 1$aEdmonton [Alta.] :$cAU Press,$dc2009. 215 $a1 online resource (166 pages) $cillustrations; digital, PDF file(s) 225 1 $aCultural dialectics 300 $aDescription based upon print version of record. 311 08$aPrint version: 9781897425282 327 $aCover Page -- Contents -- Acknowledgments -- Zero -- One -- Two -- Three -- Four -- Five -- Six -- Seven -- Eight -- Nine 330 $aMaking Game is a mixed-genre composition in which the author reflects on the philosophical and ethical implications of hunting wild game. This engaging essay is informed by the author?s significant background of scholarly engagement with the phenomenological tradition in modern philosophy. 410 0$aCultural dialectics. 606 $aHunting$xPhilosophy 606 $aHunting$xMoral and ethical aspects 606 $aHunters$zUnited States$vBiography 615 0$aHunting$xPhilosophy. 615 0$aHunting$xMoral and ethical aspects. 615 0$aHunters 676 $a179.3 676 $a799.292 700 $aAtkinson$b Peter L.$f1952-,$0981007 801 0$bMiAaPQ 801 1$bMiAaPQ 801 2$bMiAaPQ 801 2$bUkMaJRU 906 $aBOOK 912 $a996210082803316 996 $aMaking game$92238677 997 $aUNISA